书目信息 |
| 题名: |
正义诸理论
|
|
| 作者: | 巴里 著 ;孙晓春 , 曹海军 译 | |
| 分册: | 下 | |
| 出版信息: | 长春 吉林人民出版社 2005 |
|
| 页数: | 252页 | |
| 开本: | 21cm | |
| 丛书名: | 人文译丛 | |
| 单 册: | ||
| 中图分类: | D081 | |
| 科图分类: | ||
| 主题词: | 正义--研究 , 正义 | |
| 电子资源: | ||
| ISBN: | 7-206-04467-0 | |
| 000 | 01101oam2 2200313 45 | |
| 001 | 01200620000107 | |
| 005 | 20070113103302.25 | |
| 010 | @a7-206-04467-0@dCNY42.50(上下) | |
| 092 | @aCN@b489857 | |
| 100 | @a20060416d2005 em y0chiy0120 ea | |
| 101 | 1 | @achi@ceng |
| 102 | @aCN@b220000 | |
| 105 | @ay z 001yy | |
| 200 | 1 | @a正义诸理论@Azheng yi zhu li lun@h下@f(英)布莱恩·巴里著@F( ying ) bu lai en· ba li zhu@g孙晓春,曹海军译@Gsun xiao chun, cao hai jun yi |
| 205 | @a2版 | |
| 210 | @a长春@c吉林人民出版社@d2005 | |
| 215 | @a252页@d21cm | |
| 225 | 2 | @a人文译丛@i政治哲学书系@f何怀宏总主编 |
| 330 | @a本书阐述和评析了两种正义理论:相互有利的正义和作为公平的正义;全书包括正义诸理论、休谟和罗尔斯论社会正义、作为互利性的正义对作为公正的正义三部分内容。 | |
| 462 | 0 | @12001 @a政治哲学书系 |
| 510 | 1 | @aTheories of justice@zeng |
| 606 | 0 | @a正义@x研究 |
| 606 | 0 | @a正义 |
| 690 | @aD081@v4 | |
| 701 | 1 | @a巴里@Aba li@b布莱恩@4著 |
| 702 | 0 | @a孙晓春@Asun xiao chun@4译 |
| 702 | 0 | @a曹海军@Acao hai jun@4译 |
| 801 | 0 | @aCN@bLZJBOOK@c20070113 |
| 905 | @a10447@dD081@e13:2=2 | |
| 正义诸理论.下/(英)布莱恩·巴里著/孙晓春,曹海军译.-2版.-长春:吉林人民出版社,2005 |
| 252页;21cm.-(人文译丛.政治哲学书系/何怀宏总主编) |
| ISBN 7-206-04467-0:CNY42.50(上下) |
| 本书阐述和评析了两种正义理论:相互有利的正义和作为公平的正义;全书包括正义诸理论、休谟和罗尔斯论社会正义、作为互利性的正义对作为公正的正义三部分内容。 |
| ● |
| 相关链接 |
|
|
|
|
正题名:正义诸理论
索取号:D081/13:2=2
 
预约/预借
| 序号 | 登录号 | 条形码 | 馆藏地/架位号 | 状态 | 备注 |
| 1 | 0557869 | 205578695 | 第一样本阅览室/ [索取号:D081/13:2=2] | 在馆 | |
| 2 | 0557870 | 205578702 | 密集书库/ [索取号:D081/13:2=2] | 在馆 | |
| 3 | 0557871 | 205578711 | 第一借阅区/ [索取号:D081/13:2=2] | 在馆 | |
| 4 | 0557872 | 205578720 | 密集书库/ [索取号:D081/13:2=2] | 在馆 | |
| 5 | 0557873 | 205578739 | 第一借阅区/ [索取号:D081/13:2=2] | 在馆 | |
| 6 | 0557874 | 205578748 | 密集书库/ [索取号:D081/13:2=2] | 在馆 | |
| 7 | 0557875 | 205578757 | 第一借阅区/ [索取号:D081/13:2=2] | 在馆 | |
| 8 | 0557876 | 205578766 | 第一借阅区/ [索取号:D081/13:2=2] | 在馆 |